000 00757nam a2200253Ia 4500
003 OSt
005 20221006140630.0
006 a|||||r|||| 00| 0
007 ta
008 221006b |||||||| |||| 00| 0 eng d
020 _a0939512246
024 _a231
037 _bGift, Japan Foundation
_cTextual
040 _aEASL
_cEASL
_beng
041 _2eng
_aeng
082 _aV42:71, M6
100 _aPEARSON Richard J etc. Ed.
_9643045
245 0 _aWindows on the Japanese past
_b Studies in Archaeology & prehistory
260 _aMichigan
_bUniversity of Michigan
_c1986
300 _a629p.
_ccm.
490 _v JEL
942 _hV42:71, M6
_cTEXL
_2CC
999 _c1068318
_d1068318